000 00638nam a2200181Ia 4500
008 100921s9999 xx 000 0 und d
082 _b10667
_a820 थ 37
100 _aJanssen Raymond E.
245 _aUniversity Of Knowledge- The Earth Before Man.
260 _bयुनिव्हरसिटी ऑफ नॉलेज,शिकागो.
_c1937
300 _a380
_b---
365 _b0
520 _aललित इंग्रजी.
630 _aUniversity Of Knowledge- The Earth Before Man.
650 _aललित इंग्रजी.
730 _aUniversity Of Knowledge- The Earth Before Man.
942 _cBOOK
999 _c759780
_d759777